Loading...
| Mythology | 0 | 11 | 0 | 2 | 110 | 58 | 100.18 | 5 | 8 | 0.00 | 0.00 |
| Social Science | 0 | 9 | 0 | 3 | 90 | 63 | 102.44 | 2 | 6 | 0.00 | 0.00 |
| Philosophy | 0 | 6 | 2 | 0 | 50 | 57 | 75.83 | 3 | 5 | 0.00 | 0.00 |
| Science - Physics | 0 | 2 | 0 | 0 | 20 | 120 | 120.00 | 0 | 2 | 0.00 | 0.00 |
| Religion | 0 | 2 | 1 | 1 | 15 | 126 | 127.50 | 0 | 0 | 0.00 | 0.00 |
| Fine Arts - Other | 0 | 2 | 1 | 0 | 15 | 84 | 85.00 | 1 | 2 | 0.00 | 0.00 |
| Science - Other | 0 | 2 | 1 | 0 | 15 | 101 | 123.00 | 1 | 1 | 0.00 | 0.00 |
| Other Academic | 0 | 1 | 0 | 0 | 10 | 139 | 139.00 | 0 | 0 | 0.00 | 0.00 |
| History - European | 0 | 1 | 0 | 0 | 10 | 99 | 99.00 | 0 | 0 | 0.00 | 0.00 |
| Fine Arts - Classical Music | 0 | 1 | 0 | 0 | 10 | 125 | 125.00 | 0 | 1 | 0.00 | 0.00 |
| Pop Culture | 0 | 1 | 0 | 0 | 10 | 86 | 86.00 | 0 | 0 | 0.00 | 0.00 |
| Science - Biology | 0 | 1 | 1 | 0 | 5 | 76 | 76.00 | 0 | 1 | 0.00 | 0.00 |
| Literature - American | 0 | 1 | 1 | 0 | 5 | 89 | 89.00 | 0 | 1 | 0.00 | 0.00 |
| History - World | 0 | 0 | 1 | 0 | -5 | 0.00 | 0 | 0 | 0.00 | 0.00 | |
| History - American | 0 | 0 | 1 | 0 | -5 | 0.00 | 0 | 0 | 0.00 | 0.00 |